01008nam a2200205 a 4500001001000000005001700010008004100027020001800068050002100086100002600107245007600133260004000209300004300249500006000292504002700352520030900379650004600688650002900734650003900763BRCA_792520190320210044.0060314t2011----u--a###f##---#000-0#eng-# a9781569768174 4aTL410b.F68 20111 aFotheringham, William10aCyclopediabit’s all about the bikecwritten by William Fotheringham. aChicagobChicago Review Pressc2011 a432 p.bil., gráficas, mapasc22 cm. aIncluye recorridos de diferentes competencias ciclistas aBibliografía: p. 4313 aEsta obra es un compendio de la A a la Z acerca de todo lo que se desea saber sobre la bicicleta, menciona también la historia del Tour de Francia, los récords mundiales y la legendaria carrera de Lance Armstrong incluidas las sustancias para lograr un mejor rendimiento en las competencias ciclistas14aBicicletasvEnciclopediaszEstados Unidos14aCiclismozEstados Unidos14aCarreras ciclistaszEstados Unidos